000 00892nam a2200229Ii 4500
003 JO-AjNU
008 230605s9999||||xx |||||||||||||| ||und||
017 _a2009/9/2852
020 _a978-9957-09-363-1
040 _aJO-AjNU
_bara
_erda
_cJO-AjNU
041 _aara
050 1 4 _aLB2329.8.J8.A8726 2009
100 3 _aالفريجات،غالب,
_eauthor
_922726
245 0 0 _aالتعليم العالي واقع وطموح في سبيل تكوين الشخصية العربية المعاصرة ومواجهة التحديات والمتغيرات الراهنة
250 _aط1
264 3 1 _aعمان:دار أزمنة،2009
300 _a246ص
336 _atext
_btxt
_2rdacontent
337 _aunmediated
_bn
_2rdamedia
338 _avolume
_bnc
_2rdacarrier
650 4 _a التعليم العالي-الأردن. التعليم العالي-تخطيط -الأردن .
_922727
999 _aA8112
_c11680
_d11680